000 00409nam a22001457a 4500
003 OSt
005 20251113134243.0
008 251113b |||||||| |||| 00| 0 eng d
020 _a0823935450
040 _cTHE ROSEN PUBISHING GROUP
050 _aE 840.8 .4 .C47 2002
245 _aTHE ASSASSINATION OF ROBERT F. KENNEDY
_cCHING, JULIET
260 _aNEW YORK
_bROSEN PUBLISHING GROUP
_c2002
942 _2ddc
_cBK
_n0
999 _c9802
_d9802